Analytical chemistry / (Record no. 19156)
[ view plain ]
| 000 -LEADER | |
|---|---|
| fixed length control field | 01546cam a2200337 i 4500 |
| 001 - CONTROL NUMBER | |
| control field | 17774430 |
| 003 - CONTROL NUMBER IDENTIFIER | |
| control field | EG-ScBUE |
| 005 - DATE AND TIME OF LATEST TRANSACTION | |
| control field | 20250731095614.0 |
| 008 - FIXED-LENGTH DATA ELEMENTS--GENERAL INFORMATION | |
| fixed length control field | 130612t2014 njua f 001 0 eng d |
| 020 ## - INTERNATIONAL STANDARD BOOK NUMBER | |
| International Standard Book Number | 9780470887578 |
| 040 ## - CATALOGING SOURCE | |
| Original cataloging agency | DLC |
| Language of cataloging | eng |
| Description conventions | rda |
| Transcribing agency | DLC |
| Modifying agency | DLC |
| -- | EG-ScBUE |
| 082 04 - DEWEY DECIMAL CLASSIFICATION NUMBER | |
| Classification number | 543 |
| Edition number | 22 |
| Item number | CHR |
| 100 1# - MAIN ENTRY--PERSONAL NAME | |
| Personal name | Christian, Gary D., |
| Relator term | author. |
| 9 (RLIN) | 29655 |
| 245 10 - TITLE STATEMENT | |
| Title | Analytical chemistry / |
| Statement of responsibility, etc | Gary D. Christian, Purnendu K. (Sandy) Dasgupta, Kevin A. Schug. |
| 250 ## - EDITION STATEMENT | |
| Edition statement | Seventh edition. |
| 264 #1 - PUBLICATION, DISTRIBUTION, ETC. (IMPRINT) | |
| Place of publication, distribution, etc | Hoboken : |
| Name of publisher, distributor, etc | Wiley & Sons, |
| Date of publication, distribution, etc | [2014] |
| 264 #4 - PUBLICATION, DISTRIBUTION, ETC. (IMPRINT) | |
| Date of publication, distribution, etc | c2014 |
| 300 ## - PHYSICAL DESCRIPTION | |
| Extent | xxii, 826 pages : |
| Other physical details | illustrations ; |
| Dimensions | 29 cm |
| 336 ## - CONTENT TYPE | |
| Source | rdacontent |
| Content type term | text |
| Content type code | txt |
| 337 ## - MEDIA TYPE | |
| Media type term | unmediated |
| Source | rdamedia |
| Media type code | n |
| 338 ## - CARRIER TYPE | |
| Carrier type term | volume |
| Carrier type code | nc |
| Source | rdacarrier |
| 500 ## - GENERAL NOTE | |
| General note | Includes index.<br/> |
| 500 ## - GENERAL NOTE | |
| General note | Includes appendixes. |
| 520 ## - SUMMARY, ETC. | |
| Summary, etc | "The 7th Edition of Gary Christian's Analytical Chemistry focuses on more in-depth coverage and information about Quantitative Analysis (aka Analytical Chemistry) and related fields. The content builds upon previous editions with more enhanced content that deals with principles and techniques of quantitative analysis with more examples of analytical techniques drawn from areas such as clinical chemistry, life sciences, air and water pollution, and industrial analyses"- |
| 650 #7 - SUBJECT ADDED ENTRY--TOPICAL TERM | |
| Topical term or geographic name as entry element | Chemistry, Analytic |
| General subdivision | Quantitative. |
| Source of heading or term | BUEsh |
| 9 (RLIN) | 6411 |
| 653 ## - INDEX TERM--UNCONTROLLED | |
| Resource For college | Engineering, Chemical |
| Arrived date list | April2015 |
| 655 ## - INDEX TERM--GENRE/FORM | |
| Form subdivision | Reading book |
| 9 (RLIN) | 33728 |
| 700 1# - ADDED ENTRY--PERSONAL NAME | |
| Personal name | Dasgupta, Purnendu K., |
| Relator term | author. |
| 9 (RLIN) | 37580 |
| 700 1# - ADDED ENTRY--PERSONAL NAME | |
| Personal name | Schug, Kevin, |
| Relator term | author. |
| 9 (RLIN) | 37581 |
| 942 ## - ADDED ENTRY ELEMENTS (KOHA) | |
| Source of classification or shelving scheme | Dewey Decimal Classification |
| Koha item type | Book - Borrowing |
| Withdrawn status | Lost status | Source of classification or shelving scheme | Damaged status | Not for loan | Collection code | Home library | Current library | Shelving location | Date acquired | Source of acquisition | Cost, normal purchase price | Total Checkouts | Full call number | Barcode | Date last seen | Cost, replacement price | Koha item type | Total Renewals | Date checked out |
|---|---|---|---|---|---|---|---|---|---|---|---|---|---|---|---|---|---|---|---|
| Dewey Decimal Classification | Baccah | Central Library | Central Library | First floor | 04/04/2015 | Purchase | 270.00 | 543 CHR | 000037902 | 15/07/2025 | 337.50 | NB - Book (Non borrowing) | |||||||
| Dewey Decimal Classification | Baccah | Central Library | Central Library | First floor | 04/04/2015 | 270.00 | 4 | 543 CHR | 000037903 | 15/07/2025 | 337.50 | Book - Borrowing | 12 | 04/10/2023 | |||||
| Dewey Decimal Classification | Baccah | Central Library | Central Library | First floor | 04/04/2015 | 270.00 | 3 | 543 CHR | 000037904 | 15/07/2025 | 337.50 | Book - Borrowing | 9 | 04/10/2023 |